[Event "World Youth Girl U14 2016"]
[Site "Khanty-Mansiysk RUS"]
[Date "2016.09.22"]
[Round "1.4"]
[White "Nomindalai, Tumurbaatar"]
[Black "Badelka, Olga"]
[Result "0-1"]
[WhiteTitle "CM"]
[WhiteElo "1757"]
[BlackElo "2222"]
[WhiteFideId "4904095"]
[BlackFideId "13509926"]
[EventDate "2016.09.22"]

1. d4 Nf6 2. Bg5 Ne4 3. Bf4 c5 4. d5 Qb6 5. Bc1 g6 6. f3 Nd6 7. e4 Bg7 8. c3 O-O
9. Bd3 f5 10. exf5 Nxf5 11. Ne2 Nh4 12. Rg1 Qd6 13. Ng3 Qxd5 14. Qe2 e6 15. Na3
Nc6 16. Be3 Ne5 17. Be4 Qd6 18. Qb5 Qe7 19. Qxc5 d6 20. Qa5 d5 21. Bc5 Qg5 22.
Bxf8 Bxf8 23. Bc2 Bd7 24. Rd1 d4 25. Nc4 Bb5 26. f4 Nxc4 27. fxg5 Nxa5 28. cxd4
Bb4+ 29. Kf2 Rf8+ 30. Ke3 Nc4+ 31. Ke4 Bc6+ 32. d5 Bxd5+ 33. Rxd5 exd5+ 34. Kxd5
Ne3+ 0-1

[Event "World Youth Girl U14 2016"]
[Site "Khanty-Mansiysk RUS"]
[Date "2016.09.22"]
[Round "1.5"]
[White "Goltseva, Ekaterina"]
[Black "Kvendseth, Thyra"]
[Result "1-0"]
[WhiteTitle "WFM"]
[WhiteElo "2212"]
[BlackElo "1745"]
[WhiteFideId "24173770"]
[BlackFideId "1520628"]
[EventDate "2016.09.22"]

1. d4 Nf6 2. c4 g6 3. Nc3 Bg7 4. e4 d6 5. Be2 O-O 6. Nf3 Nbd7 7. O-O e5 8. Qc2
Re8 9. Rd1 exd4 10. Nxd4 Nc5 11. f3 Ne6 12. Nxe6 Bxe6 13. Bg5 Qc8 14. Rac1 h6
15. Bh4 Nh5 16. Nd5 g5 17. Bf2 c6 18. Ne3 Qc7 19. g3 Rad8 20. b3 Nf6 21. Rd2 a6
22. Rcd1 Rd7 23. Kg2 Red8 24. f4 gxf4 25. gxf4 Re7 26. e5 Ne8 27. f5 Bxe5 28.
fxe6 Rxe6 29. Nf5 Rg6+ 30. Bg3 Bxg3 31. Nxg3 Nf6 32. Bf3 h5 33. Kh1 h4 34. Ne4
Nxe4 35. Bxe4 Rg7 36. Rg2 Rxg2 37. Qxg2+ Kf8 38. Rg1 Qa5 39. Qg7+ Ke7 40. Rf1
Rf8 41. Qf6+ Ke8 42. Qxd6 Qd8 43. Bxc6+ 1-0

[Event "World Youth Girl U14 2016"]
[Site "Khanty-Mansiysk RUS"]
[Date "2016.09.22"]
[Round "1.6"]
[White "Barmagambetova, Sakypzhama"]
[Black "Zotova, Anastasia"]
[Result "0-1"]
[BlackTitle "WFM"]
[WhiteElo "1744"]
[BlackElo "2171"]
[WhiteFideId "13723103"]
[BlackFideId "34124907"]
[EventDate "2016.09.22"]

1. d4 Nf6 2. c4 g6 3. Nc3 d5 4. Nf3 Bg7 5. Bf4 O-O 6. e3 c6 7. Bd3 Nbd7 8. h3
Qa5 9. O-O dxc4 10. Bxc4 Nb6 11. Bc7 Ne8 12. Bxb6 axb6 13. a3 Nd6 14. Bd3 Be6
15. b4 Qa7 16. Qe2 c5 17. Ng5 Bd7 18. Nd5 Rae8 19. bxc5 bxc5 20. Nf3 Bc6 21. Nc7
Rd8 22. dxc5 Qxc5 23. Rab1 Bxf3 0-1

[Event "World Youth Girl U14 2016"]
[Site "Khanty-Mansiysk RUS"]
[Date "2016.09.22"]
[Round "1.7"]
[White "Salonika, Saina"]
[Black "Mangalam, Shreya B"]
[Result "1/2-1/2"]
[WhiteTitle "WCM"]
[WhiteElo "2093"]
[BlackElo "1739"]
[WhiteFideId "25013971"]
[BlackFideId "2085070"]
[EventDate "2016.09.22"]

1. e4 e5 2. Nf3 Nc6 3. Bb5 a6 4. Ba4 Nf6 5. d4 exd4 6. O-O Be7 7. e5 Ne4 8. Nxd4
Nxd4 9. Qxd4 Nc5 10. Nc3 O-O 11. Nd5 d6 12. Nxe7+ Qxe7 13. exd6 Qxd6 14. Qxd6
cxd6 15. Bb3 Nxb3 16. axb3 Bf5 17. c3 Rfe8 18. Be3 f6 19. Ra4 Re4 20. Ra3 Rc8
21. Re1 Rce8 22. Rd1 R4e6 23. Ra4 R8e7 24. Rb4 Be4 25. Rb6 Bc6 26. c4 Rd7 27.
Rd3 d5 28. cxd5 Rxd5 29. Rxd5 Bxd5 1/2-1/2

[Event "World Youth Girl U14 2016"]
[Site "Khanty-Mansiysk RUS"]
[Date "2016.09.22"]
[Round "1.8"]
[White "Bellahcene, Meriem"]
[Black "Zahedifar, Anahita"]
[Result "1-0"]
[BlackTitle "WFM"]
[WhiteElo "1729"]
[BlackElo "2081"]
[WhiteFideId "20655347"]
[BlackFideId "12560715"]
[EventDate "2016.09.22"]

1. e4 c6 2. Nc3 d5 3. Nf3 Bg4 4. h3 Bh5 5. exd5 cxd5 6. g4 Bg6 7. Bb5+ Nc6 8.
Ne5 Rc8 9. d4 e6 10. h4 f6 11. Nxg6 hxg6 12. Qd3 Kf7 13. Bxc6 Rxc6 14. Bd2 Bd6
15. O-O-O Qb6 16. h5 gxh5 17. Rxh5 Rxh5 18. gxh5 Ne7 19. Qh7 Qxd4 20. Rg1 Nf5
21. h6 Bf8 22. hxg7 Nxg7 23. Bh6 f5 24. Qg6+ Kg8 25. Qe8 Rc7 26. Bxg7 Rxg7 27.
Qxe6+ Kh8 28. Rh1+ Rh7 29. Rxh7+ Kxh7 30. Qxf5+ Kg7 31. Nxd5 Bc5 32. f4 Qg1+ 33.
Kd2 Qf2+ 34. Kc3 Qd4+ 35. Kb3 b5 36. Qe5+ Qxe5 37. fxe5 Kf7 38. Nc7 1-0

[Event "World Youth Girl U14 2016"]
[Site "Khanty-Mansiysk RUS"]
[Date "2016.09.22"]
[Round "1.9"]
[White "Priyanka, Nutakki"]
[Black "Sahin, Hayrun Nisa"]
[Result "1-0"]
[WhiteElo "2070"]
[BlackElo "1725"]
[WhiteFideId "25049615"]
[BlackFideId "6380875"]
[EventDate "2016.09.22"]

1. d4 Nf6 2. c4 c5 3. d5 e6 4. Nc3 exd5 5. cxd5 Bd6 6. Nf3 O-O 7. g3 a6 8. a4
Qe7 9. Bg2 Bc7 10. O-O d6 11. Qc2 Nbd7 12. e4 Re8 13. Re1 Nf8 14. b3 Ng6 15. Bb2
Qd8 16. Nd2 Bd7 17. f4 b5 18. axb5 axb5 19. Rxa8 Qxa8 20. Ra1 Qb7 21. h3 h5 22.
e5 Nh7 23. e6 Bc8 24. Qf5 Nf6 25. Nce4 Ne7 26. Nxf6+ gxf6 27. Qxf6 1-0

[Event "World Youth Girl U14 2016"]
[Site "Khanty-Mansiysk RUS"]
[Date "2016.09.22"]
[Round "1.10"]
[White "Tomcikova, Dominika"]
[Black "Schulze, Lara"]
[Result "1/2-1/2"]
[BlackTitle "WFM"]
[WhiteElo "1713"]
[BlackElo "2034"]
[WhiteFideId "14935554"]
[BlackFideId "12956830"]
[EventDate "2016.09.22"]

1. e4 e6 2. d4 d5 3. Nd2 c5 4. exd5 Qxd5 5. Ngf3 cxd4 6. Bc4 Qd7 7. O-O Nc6 8.
Nb3 Nf6 9. Nbxd4 Nxd4 10. Nxd4 a6 11. Re1 Qc7 12. Bf1 Be7 13. c3 O-O 14. Qf3 Bd6
15. h3 e5 16. Nc2 Bd7 17. Bg5 Bc6 18. Qd1 Ne4 19. Be3 Rad8 20. Bd3 Nxf2 21. Bxf2
e4 22. Nd4 exd3 23. Qxd3 b5 24. Qe2 Rfe8 25. Qg4 Bd7 26. Qf3 Bh2+ 27. Kh1 Be5
28. Rad1 Bc8 29. Nf5 Bxf5 30. Qxf5 f6 31. Rxd8 Qxd8 32. Bd4 Bxd4 33. Rxe8+ Qxe8
34. Qd5+ Kf8 35. Qxd4 Qe1+ 36. Kh2 Qe6 37. b3 Ke7 38. Qa7+ Kf8 39. Qb8+ Kf7 40.
Qb7+ Kg6 41. Qf3 Qe5+ 42. g3 h5 43. h4 Qe1 44. Qd3+ Kh6 45. Kg2 Qc1 46. Qd8 Qc2+
47. Kh3 Qf5+ 48. Kg2 Qe4+ 49. Kh2 Kg6 50. Qd2 Kh7 51. Qd1 Kh6 52. Qd2+ g5 53.
hxg5+ fxg5 54. Qd6+ Kg7 55. Qxa6 Qe2+ 56. Kh3 Qf1+ 57. Kh2 Qf2+ 58. Kh3 Qf1+ 59.
Kh2 Qf2+ 1/2-1/2

[Event "World Youth Girl U14 2016"]
[Site "Khanty-Mansiysk RUS"]
[Date "2016.09.22"]
[Round "1.11"]
[White "Gomez Barrera, Javiera Belen"]
[Black "Puppi Lazo, Stephanie Beatriz"]
[Result "1-0"]
[WhiteTitle "WFM"]
[WhiteElo "2027"]
[BlackElo "1710"]
[WhiteFideId "3418723"]
[BlackFideId "3826104"]
[EventDate "2016.09.22"]

1. e4 c5 2. Nf3 e6 3. d4 cxd4 4. Nxd4 Nc6 5. Nb5 d6 6. c4 Nf6 7. N1c3 a6 8. Na3
Be7 9. Be2 O-O 10. Be3 b6 11. O-O Bb7 12. Qd2 Qc7 13. Rac1 Rac8 14. Rfd1 Rfd8
15. f3 Ne5 16. Kh1 Nfd7 17. Bf1 Nc5 18. Qf2 Bf6 19. b4 Ncd7 20. Na4 Re8 21. Nxb6
Nxb6 22. Bxb6 Qe7 23. Qd2 Rc6 24. c5 d5 25. exd5 exd5 26. Re1 Qf8 27. b5 Rxb6
28. cxb6 Qxa3 29. bxa6 Bxa6 30. Bxa6 Qxa6 31. f4 h6 32. Rb1 Qb7 33. fxe5 Bxe5
34. Qa5 f6 35. Qa7 Qxa7 36. bxa7 Kf8 37. Rxe5 1-0

[Event "World Youth Girl U14 2016"]
[Site "Khanty-Mansiysk RUS"]
[Date "2016.09.22"]
[Round "1.12"]
[White "Plaza Reino, Mercedes"]
[Black "Zhu, Jiner"]
[Result "0-1"]
[WhiteElo "1665"]
[BlackElo "2024"]
[WhiteFideId "24511951"]
[BlackFideId "8608059"]
[EventDate "2016.09.22"]

1. f4 Nf6 2. b3 g6 3. Bb2 Bg7 4. Nf3 O-O 5. e3 d5 6. Be2 c5 7. O-O b6 8. Qe1 Nc6
9. Ne5 Bb7 10. d3 Qc7 11. Nxc6 Bxc6 12. Nd2 Qd6 13. Bf3 Rfd8 14. g3 Rac8 15. Rd1
Qc7 16. Ba1 Qb7 17. Qe2 h5 18. e4 e6 19. e5 Ne8 20. c4 b5 21. Bg2 Qa6 22. Nb1
Bf8 23. Rc1 Ng7 24. Rfd1 Nf5 25. Nc3 Rb8 26. cxb5 Bxb5 27. Nxb5 Qxb5 28. Qf2 a5
29. d4 Rdc8 30. Kh1 Qb6 31. dxc5 Bxc5 32. Qe2 Ne3 33. Re1 Kg7 34. Bf3 Nf5 35.
Bc3 Ba3 36. Rc2 d4 37. Ba1 Qb4 38. Rxc8 Rxc8 39. Rd1 Ne3 0-1

[Event "World Youth Girl U14 2016"]
[Site "Khanty-Mansiysk RUS"]
[Date "2016.09.22"]
[Round "1.13"]
[White "Nestorovic, Katarina"]
[Black "Alekseenko, Mariya"]
[Result "0-1"]
[WhiteElo "2017"]
[BlackElo "1643"]
[WhiteFideId "954632"]
[BlackFideId "44172729"]
[EventDate "2016.09.22"]

1. e4 c5 2. Nf3 e6 3. d4 cxd4 4. Nxd4 a6 5. Bd3 Qc7 6. O-O Nf6 7. Qe2 d6 8. c4
g6 9. Nc3 Bg7 10. h3 O-O 11. Be3 Nbd7 12. f4 b6 13. Rac1 Bb7 14. b4 Rac8 15.
Rfd1 Qb8 16. Nb3 Rfd8 17. Qf2 Qc7 18. Nd2 Bc6 19. b5 axb5 20. cxb5 Bb7 21. Nd5
Qxc1 22. Nxf6+ Bxf6 23. Rxc1 Rxc1+ 24. Bf1 Rc2 25. Qe1 Rdc8 26. a4 d5 27. e5 Be7
28. Nb3 R2c3 29. Nd4 Ra3 30. Qf2 Bc5 31. Nc2 Bxe3 32. Nxe3 Rxa4 33. Qh4 d4 34.
Ng4 h5 35. Qe7 hxg4 36. Qxd7 g3 37. Qxb7 Rc1 38. Qf3 Raa1 39. Qd3 Rd1 40. Qe2 d3
41. Qf3 d2 0-1

[Event "World Youth Girl U14 2016"]
[Site "Khanty-Mansiysk RUS"]
[Date "2016.09.22"]
[Round "1.14"]
[White "Pandey, Ritika"]
[Black "Wang, Annie"]
[Result "0-1"]
[BlackTitle "WIM"]
[WhiteElo "1641"]
[BlackElo "2013"]
[WhiteFideId "30903670"]
[BlackFideId "2053900"]
[EventDate "2016.09.22"]

1. e4 e6 2. d4 d5 3. Nd2 c5 4. Ngf3 cxd4 5. Bd3 Nf6 6. O-O Nc6 7. Re1 Be7 8. e5
Nd7 9. Nb3 O-O 10. Bf4 b6 11. Nfxd4 Nxd4 12. Nxd4 Nc5 13. Nc6 Qc7 14. Nxe7+ Qxe7
15. Be2 Bb7 16. c3 Rac8 17. Qd2 Bc6 18. Bd1 Ba4 19. Bxa4 Nxa4 20. Re3 Nc5 21.
Rh3 Ne4 22. Qe2 f6 23. exf6 Qxf6 24. Be3 e5 25. Rd1 Rcd8 26. Rf3 Qe6 27. Rxf8+
Rxf8 28. f3 Nf6 29. Bd4 Re8 30. Re1 Nd7 31. Bf2 e4 32. b3 Qf7 33. Qd2 Nf6 34.
Re3 Qh5 35. Qe1 Rf8 36. Bg3 Qh6 37. Bd6 Re8 38. Bg3 Rc8 39. Be5 Nd7 40. Bd4 exf3
41. Re7 f2+ 42. Bxf2 Qd6 43. Bd4 Nf6 44. Re6 Qf8 45. Qg3 Ne4 46. Qe5 Rxc3 47. h3
Rc1+ 48. Kh2 Nd2 49. h4 Nf1+ 50. Kh3 Re1 51. Re8 Rxe5 52. Rxf8+ Kxf8 53. Bxe5
Ne3 54. Kg3 g6 55. Kf3 Nf5 56. g3 Kf7 57. a4 Ke6 58. Bc3 d4 59. Bd2 Kd5 60. Be1
d3 61. b4 Nd4+ 62. Kf4 Kc4 63. Ke4 Nb3 64. Ke3 d2 0-1

[Event "World Youth Girl U14 2016"]
[Site "Khanty-Mansiysk RUS"]
[Date "2016.09.22"]
[Round "1.15"]
[White "Vantika, Agrawal"]
[Black "Nasybullina, Dayana"]
[Result "1/2-1/2"]
[WhiteElo "2012"]
[BlackElo "1622"]
[WhiteFideId "25050389"]
[BlackFideId "34127280"]
[EventDate "2016.09.22"]

1. d4 Nf6 2. Nf3 e6 3. c4 d5 4. g3 dxc4 5. Bg2 Nc6 6. O-O Rb8 7. Nc3 Bb4 8. Qc2
O-O 9. Rd1 Re8 10. e4 Bxc3 11. bxc3 b5 12. e5 Nd5 13. Ng5 g6 14. Ne4 Nce7 15.
Bg5 Qd7 16. g4 b4 17. Bf6 h6 18. cxb4 Rxb4 19. a3 Rb6 20. Qxc4 Ba6 21. Qc1 Kh7
22. a4 Be2 23. Ra3 Bxg4 24. Rdd3 Reb8 25. Ng5+ Kg8 26. Ra1 Bf5 27. Be4 Nxf6 28.
exf6 Nd5 29. Bxf5 exf5 30. Nf3 Nxf6 31. Qxh6 Rb1+ 32. Rxb1 Rxb1+ 33. Kg2 Ng4 34.
Qd2 Qxa4 35. h3 Nf6 36. Qf4 Qc4 37. Qe3 1/2-1/2

[Event "World Youth Girl U14 2016"]
[Site "Khanty-Mansiysk RUS"]
[Date "2016.09.22"]
[Round "1.16"]
[White "Skaslien, Ingrid"]
[Black "Serikbay, Assel"]
[Result "1/2-1/2"]
[BlackTitle "WFM"]
[WhiteElo "1588"]
[BlackElo "1996"]
[WhiteFideId "1520660"]
[BlackFideId "13706799"]
[EventDate "2016.09.22"]

1. d4 d5 2. c4 c6 3. cxd5 cxd5 4. Nc3 Nf6 5. Bg5 Nc6 6. e3 Ne4 7. Bf4 e6 8. Bd3
Nd6 9. Nf3 Be7 10. O-O O-O 11. Rc1 f5 12. h3 Nb4 13. Bb1 Nc4 14. Qe2 b6 15. a3
Nc6 16. Bd3 N4a5 17. b4 Nb7 18. Bb5 Nb8 19. Ne5 a6 20. Bd3 Nd6 21. Na4 b5 22.
Nc5 Nc4 23. Ra1 a5 24. a4 Nxe5 25. Bxe5 Nc6 26. axb5 Nxb4 27. Rfb1 Bd7 28. Na6
Qb6 29. Bc7 Qb7 30. Be5 Qb6 31. Bc7 Qb7 32. Be5 Qb6 33. Bc7 1/2-1/2

[Event "World Youth Girl U14 2016"]
[Site "Khanty-Mansiysk RUS"]
[Date "2016.09.22"]
[Round "1.17"]
[White "Beydullayeva, Govhar"]
[Black "Tharushi, T H D Niklesha"]
[Result "1-0"]
[WhiteTitle "WCM"]
[WhiteElo "1994"]
[BlackElo "1584"]
[WhiteFideId "13413015"]
[BlackFideId "9918264"]
[EventDate "2016.09.22"]

1. d4 Nf6 2. c4 e6 3. Nf3 b6 4. a3 Bb7 5. Nc3 d5 6. cxd5 Nxd5 7. Qc2 Be7 8. e4
Nxc3 9. bxc3 c5 10. Bb5+ Nd7 11. Ne5 Bc8 12. Bf4 O-O 13. Bc6 Rb8 14. Nxd7 Bxd7
15. Bxd7 Qxd7 16. Bxb8 Rxb8 17. dxc5 Bxc5 18. O-O Qc6 19. Rfd1 g6 20. Qd3 a5 21.
a4 Qc7 22. g3 Qc6 23. Kf1 f5 24. Re1 Rf8 25. Ra2 Kh8 26. Kg1 f4 27. Rd1 e5 28.
Kg2 Qe6 29. Rad2 f3+ 30. Kh1 Qh3 31. Qf1 Qg4 32. Rd8 Qxe4 33. Rxf8+ Bxf8 34. Qe1
Qf5 35. Rd5 Bc5 36. Kg1 Kg8 37. Rxe5 Qh3 38. Qf1 Qg4 39. Qd1 Kg7 40. Rd5 Qe4 41.
Rd7+ Kf6 42. Rd3 Kg7 43. Rxf3 Qe7 44. Rd3 Qf6 45. Qf3 Qg5 46. Rd7+ Kh6 47. h4
Qc1+ 48. Kg2 b5 49. Qf7 Kh5 50. Qxh7+ Qh6 51. Rd5+ g5 52. Rxg5# 1-0

[Event "World Youth Girl U14 2016"]
[Site "Khanty-Mansiysk RUS"]
[Date "2016.09.22"]
[Round "1.18"]
[White "Yapa Bandara, Chamodya"]
[Black "Ouellet, Maili-Jade"]
[Result "0-1"]
[BlackTitle "WCM"]
[WhiteElo "1582"]
[BlackElo "1992"]
[WhiteFideId "9914706"]
[BlackFideId "2620472"]
[EventDate "2016.09.22"]

1. e4 c5 2. Nf3 e6 3. d4 cxd4 4. Nxd4 a6 5. Bd3 Bc5 6. Nb3 Be7 7. O-O d6 8. Be3
Nf6 9. Qe2 Nbd7 10. f4 b6 11. Bf2 Bb7 12. Nd4 Qc7 13. Kh1 h5 14. Bh4 Nc5 15. e5
dxe5 16. fxe5 Ng4 17. Bg3 Nd7 18. Bg6 fxg6 19. Nxe6 Qc6 20. Nxg7+ Kd8 21. e6 h4
22. Bc7+ Qxc7 23. Qxg4 h3 24. Rf2 hxg2+ 25. Rxg2 Qxh2# 0-1

[Event "World Youth Girl U14 2016"]
[Site "Khanty-Mansiysk RUS"]
[Date "2016.09.22"]
[Round "1.19"]
[White "Dongo, Melanie"]
[Black "Gomes, Maria Eduarda"]
[Result "1-0"]
[WhiteElo "1981"]
[BlackElo "1569"]
[WhiteFideId "3813444"]
[BlackFideId "2158957"]
[EventDate "2016.09.22"]

1. e4 e5 2. Nf3 Nc6 3. Bb5 a6 4. Ba4 Nf6 5. d3 b5 6. Bb3 Be7 7. O-O d6 8. c3 Na5
9. Bc2 c5 10. Re1 Nc6 11. Nbd2 O-O 12. Nf1 Re8 13. Ng3 Qc7 14. a4 Bb7 15. Nf5
Bf8 16. Bg5 Nd7 17. Rc1 Kh8 18. d4 f6 19. Be3 c4 20. d5 Ne7 21. Nxe7 Rxe7 22.
Nh4 Nc5 23. Qh5 Kg8 24. Bxc5 Qxc5 25. Bd1 Rd8 26. Re3 Bc8 27. Rg3 Qc7 28. Bg4 g6
29. Bxc8 Qxc8 30. axb5 axb5 31. Qd1 Kf7 32. Ra1 Rdd7 33. Nf5 Re8 34. Ne3 Qb8 35.
Nc2 Ra7 36. Re3 Ree7 37. h3 Rxa1 38. Qxa1 Ra7 39. Qd1 Ra2 40. Qb1 Qa8 41. Na3
Rxa3 42. bxa3 Qxa3 43. Qxb5 Qc1+ 44. Kh2 Bh6 45. Qd7+ Kg8 46. Qe6+ Kg7 47. Rf3
Bf4+ 48. g3 Qd1 49. Kg2 Bg5 50. h4 Bh6 51. Qxf6+ 1-0

[Event "World Youth Girl U14 2016"]
[Site "Khanty-Mansiysk RUS"]
[Date "2016.09.22"]
[Round "1.20"]
[White "Akulova, Alicia"]
[Black "Koroleva, Evgeniya"]
[Result "0-1"]
[WhiteElo "1563"]
[BlackElo "1970"]
[WhiteFideId "242861"]
[BlackFideId "34124010"]
[EventDate "2016.09.22"]

1. c4 c5 2. Nf3 Nc6 3. Nc3 e5 4. e3 Nf6 5. a3 Qe7 6. Qc2 d6 7. d3 g6 8. b3 Bg7
9. Bb2 O-O 10. Be2 a6 11. O-O Rb8 12. Na2 Ne8 13. b4 b6 14. Nc3 Be6 15. b5 axb5
16. Nxb5 Nc7 17. d4 exd4 18. exd4 Nxb5 19. cxb5 Na5 20. dxc5 Bf5 21. Qd2 Nb3 22.
cxd6 Qe6 23. Ng5 Nxd2 24. Nxe6 Bxb2 25. Nxf8 Nxf1 26. Ra2 Be5 27. Nxg6 hxg6 28.
Bxf1 Bxd6 29. a4 Ra8 30. Bc4 Bc5 31. h3 Kg7 32. g4 Bd7 33. Bb3 Ra7 34. Kg2 Kf6
35. f4 Be6 36. Bxe6 Kxe6 37. Kf3 Kd5 38. h4 Ra8 39. g5 Kc4 40. f5 Kb3 41. Ra1
Rxa4 42. Rxa4 Kxa4 43. fxg6 fxg6 44. Ke4 Kxb5 45. Ke5 Kc6 46. Kf6 Bf2 0-1

[Event "World Youth Girl U14 2016"]
[Site "Khanty-Mansiysk RUS"]
[Date "2016.09.22"]
[Round "1.21"]
[White "Swiech, Joanna"]
[Black "Marais, Nina"]
[Result "1-0"]
[BlackTitle "WCM"]
[WhiteElo "1962"]
[BlackElo "1544"]
[WhiteFideId "1183486"]
[BlackFideId "14306883"]
[EventDate "2016.09.22"]

1. c4 c5 2. g3 g6 3. Bg2 Bg7 4. Nc3 Nc6 5. Nf3 e6 6. O-O Nge7 7. a3 d6 8. d3 O-O
9. Rb1 a6 10. Bd2 Rb8 11. b4 Nf5 12. b5 axb5 13. Nxb5 Ncd4 14. Nfxd4 Nxd4 15.
Bf4 Nxb5 16. Rxb5 g5 17. Bd2 b6 18. Qc1 h6 19. f4 Bd7 20. Rb1 Bf6 21. fxg5 Bxg5
22. h4 Bxd2 23. Qxd2 Kg7 24. Rf2 f5 25. Rbf1 e5 26. e4 Qc8 27. Bh3 Kg6 28. Bxf5+
Bxf5 29. Rxf5 Rxf5 30. Rxf5 b5 31. Qe2 Qe6 32. cxb5 Rxb5 33. g4 Rb1+ 34. Kh2 Qb3
35. Qf3 Qc2+ 36. Kh3 Rb2 37. Rf6+ Kg7 38. Rf7+ Kg8 39. Rf8+ Kg7 40. Qf7# 1-0

[Event "World Youth Girl U14 2016"]
[Site "Khanty-Mansiysk RUS"]
[Date "2016.09.22"]
[Round "1.22"]
[White "Gronn, Embla Ekeland"]
[Black "Vinokur, Yuliya"]
[Result "0-1"]
[WhiteElo "1533"]
[BlackElo "1956"]
[WhiteFideId "1517600"]
[BlackFideId "34127515"]
[EventDate "2016.09.22"]

1. d4 Nf6 2. Nc3 g6 3. e4 d6 4. Nf3 Bg7 5. Be2 O-O 6. O-O a6 7. a4 b6 8. h3 Bb7
9. Bd3 c5 10. d5 Nbd7 11. Bd2 Ne5 12. Nxe5 dxe5 13. Qc1 Ne8 14. Bh6 f5 15. Bxg7
Nxg7 16. f3 f4 17. Bc4 Kh8 18. Rd1 g5 19. Qd2 Ne8 20. Ne2 Qd6 21. Qc3 Bc8 22.
Nc1 Nf6 23. Nd3 Nd7 24. Kf2 Rb8 25. b4 cxb4 26. Qxb4 Nc5 27. Nxc5 bxc5 28. Qc3
Rb4 29. Rdb1 Bd7 30. Rb3 Bxa4 31. Rba3 Rxc4 32. Qxc4 Bb5 33. Qc3 c4 34. Ke1 Kg7
35. Rb1 Kf6 36. Qb4 Qb6 37. Qd2 Qg1+ 38. Ke2 Qxb1 39. Qc3 Qg1 0-1

[Event "World Youth Girl U14 2016"]
[Site "Khanty-Mansiysk RUS"]
[Date "2016.09.22"]
[Round "1.23"]
[White "Urh, Zala"]
[Black "Oberholzer, Imarie"]
[Result "1-0"]
[WhiteTitle "WFM"]
[BlackTitle "WFM"]
[WhiteElo "1939"]
[BlackElo "1512"]
[WhiteFideId "14611481"]
[BlackFideId "14306506"]
[EventDate "2016.09.22"]

1. d4 Nf6 2. Nf3 c5 3. d5 d6 4. Bg5 Nbd7 5. Nc3 g6 6. e4 Bg7 7. Bd3 O-O 8. O-O
a6 9. a4 Nb6 10. Re1 Bg4 11. h3 Bxf3 12. Qxf3 Nbd7 13. Qe3 Rb8 14. Bh6 Re8 15.
Bxg7 Kxg7 16. f4 Nb6 17. a5 Na8 18. b3 Nc7 19. Bc4 b5 20. axb6 Rxb6 21. Qd3 e5
22. dxe6 Nxe6 23. Bxe6 Rxe6 24. Rxa6 Rxa6 25. Qxa6 d5 26. Qd3 Qa8 27. e5 Kg8 28.
Rd1 Nh5 29. Nxd5 Qa7 30. g4 c4+ 31. Qd4 Qxd4+ 32. Rxd4 Ng7 33. Nf6+ Kf8 34. Nd7+
Kg8 35. Nf6+ Kf8 36. Rxc4 Re7 37. Rc8+ Ne8 38. b4 Re6 39. b5 Ke7 40. Rxe8# 1-0

[Event "World Youth Girl U14 2016"]
[Site "Khanty-Mansiysk RUS"]
[Date "2016.09.22"]
[Round "1.24"]
[White "Zavgorodneva, Ekaterina"]
[Black "Palma, Maria"]
[Result "0-1"]
[WhiteElo "1512"]
[BlackElo "1925"]
[WhiteFideId "34139351"]
[BlackFideId "898481"]
[EventDate "2016.09.22"]

1. e4 e6 2. d4 d5 3. Nd2 Nf6 4. e5 Nfd7 5. Ndf3 b6 6. Bd3 c5 7. c3 Ba6 8. Ne2
Bxd3 9. Qxd3 Be7 10. Bd2 Nc6 11. Rc1 Rc8 12. h4 h6 13. h5 Rc7 14. Rh3 Qc8 15.
Rg3 cxd4 16. cxd4 Kf8 17. Nc3 Nb4 18. Qe2 Qa6 19. Qxa6 Nxa6 20. a3 Nab8 21. Nb5
Rxc1+ 22. Bxc1 a6 23. Nc3 Kg8 24. Ke2 Kh7 25. Nd2 Rc8 26. f4 Nc6 27. Rd3 g6 28.
hxg6+ Kxg6 29. Na2 Kf5 30. Nf3 Rg8 31. Kf2 Rg4 32. g3 h5 33. Be3 h4 34. gxh4
Bxh4+ 35. Nxh4+ Rxh4 36. Kg2 Ke4 37. Rc3 Nxd4 38. Bxd4 Kxd4 39. Rc7 Nc5 40. Rxf7
Ke3 41. Kg3 Rh1 42. b4 Ne4+ 43. Kg4 Ra1 44. b5 a5 45. Re7 Rg1+ 46. Kh5 Ng3+ 47.
Kg5 Nf5+ 48. Kf6 Nxe7 49. Kxe7 Rg6 50. Kf7 Rh6 51. f5 exf5 52. e6 d4 53. e7 Rh7+
54. Kf6 Rxe7 55. Kxe7 f4 0-1

[Event "World Youth Girl U14 2016"]
[Site "Khanty-Mansiysk RUS"]
[Date "2016.09.22"]
[Round "1.25"]
[White "Grigorieva, Yulia"]
[Black "Parhomenko, Anastasija"]
[Result "1-0"]
[WhiteElo "1923"]
[BlackElo "1506"]
[WhiteFideId "34104868"]
[BlackFideId "11606185"]
[EventDate "2016.09.22"]

1. d4 c5 2. d5 d6 3. c4 Nf6 4. Nc3 g6 5. e4 Bg7 6. Be2 O-O 7. Nf3 Bg4 8. Nd2
Bxe2 9. Qxe2 Nbd7 10. O-O Nh5 11. Nf3 Bxc3 12. bxc3 Qa5 13. Bh6 Rfe8 14. e5 dxe5
15. Nxe5 Nxe5 16. Qxe5 f6 17. Qe6+ Kh8 18. Qf7 Qxc3 19. Rac1 Qd4 20. Rfd1 Qe5
21. Re1 Qf5 22. Re6 Qd3 23. d6 b6 24. Rxe7 Rxe7 25. dxe7 Qd7 26. Qf8+ 1-0